Eduardo Gomes Int. Airport Destinations (Manaus, Brazil) - Statistics

General Stats
  • This quiz has been taken 36 times
    20 since last reset
  • The average score is 12 of 33
Answer Stats
Airline Destination % Correct
Gol Linhas Aéreas/LATAM Brasil Rio de Janeiro (Galeão)
100%
Gol Linhas Aéreas/LATAM Brasil São Paulo (Guarulhos)
100%
Avianca/Gol Linhas Aéreas Bogotá
89%
Gol Linhas Aéreas/LATAM Brasil Brasília
89%
TAP Air Portugal Lisbon
89%
Azul Brazilian Airlines/LATAM Brasil Belém
79%
Azul Brazilian Airlines/Gol Linhas Aéreas/LATAM Brasil Fortaleza
74%
Azul Brazilian Airlines Recife
74%
Azul Brazilian Airlines Belo Horizonte (Confins)
68%
Copa Airlines Panama City (Tocumen)
68%
Gol Linhas Aéreas Miami
58%
Azul Brazilian Airlines/Gol Linhas Aéreas Porto Velho
53%
Gol Linhas Aéreas Rio Branco
47%
Azul Brazilian Airlines Boa Vista
42%
Azul Brazilian Airlines Campinas
37%
Azul Brazilian Airlines/Gol Linhas Aéreas Santarém
32%
Azul Brazilian Airlines Tabatinga
21%
Azul Brazilian Airlines/Azul Conecta Tefé
21%
Azul Brazilian Airlines Parintins
16%
Azul Conecta Coari
11%
Azul Brazilian Airlines Itaituba
11%
Conviasa Puerto Ordaz
11%
Apuí Táxi Aéreo/Azul Conecta Apuí
5%
Apuí Táxi Aéreo/Azul Conecta Manicoré
5%
Azul Brazilian Airlines São Gabriel da Cachoeira
5%
Azul Conecta Barcelos
0%
Azul Conecta Borba
0%
Azul Brazilian Airlines Carauari
0%
Azul Conecta Lábrea
0%
Azul Conecta Maués
0%
Azul Brazilian Airlines Porto Trombetas
0%
Azul Brazilian Airlines Porto Urucu
0%
Azul Conecta Santa Isabel do Rio Negro
0%
No matching quizzes found
Score Distribution
Percent of People with Each Score
Percentile by Number Answered
Your Score History
You have not taken this quiz since the last reset